| 000 | 00847cam a2200217 4500 | ||
|---|---|---|---|
| 001 | X128299 | ||
| 008 | 041214n2004 000 0 eng u | ||
| 035 | _a(Sirsi) u128299 | ||
| 100 | _aMurdoch, S. | ||
| 245 | _aFrom friends to foes | ||
| 260 | _c2004 | ||
| 490 |
_aEstates Gazette _v(0450) 11 December 2004, 83(1) |
||
| 520 | _aDelay in seeking an injunction to stop building works can jeopardise a claimant's case as illustrated in "Bailey v Mortimer" ([2004] EWCA Civ 1514, [2004] PLSCS 249) unless it has warned the other party that it intended to take action. A mandatory injunction requiring demolition will be granted where damages would not constitute adequate remedy. | ||
| 590 | _aABS | ||
| 590 | _aABS | ||
| 650 | _aINJUNCTIONS | ||
| 650 | _aBUILDING WORKS | ||
| 650 | _aBAILEY V MORTIMER | ||
| 690 | _aLAW | ||
| 942 | _n0 | ||
| 999 |
_c118444 _d118444 |
||